000 00322nam a2200133Ia 4500
008 240624s9999 xx 000 0 und d
041 _aeng
082 _a920 NAI
100 _aNAIPAUL V S
245 _aWRITER S PEOPLE WAYS OF SEEING AND FEELI
260 _c2008
_aNew Delhi
_bPicador
300 _a256 : p.
365 _cRS
999 _c17174
_d17174